Diario de un soldado /

Guardado en:
Formato: Libro
Publicado: Buenos Aires : Comisión Nacional Ejecutiva, 1960
Materias:
Etiquetas: Agregar Etiqueta
Sin Etiquetas, Sea el primero en etiquetar este registro!
LEADER 00723nam a22001575a 4500
001 CEM.cems000246
005 20060209000000.0
008 130507s1960##################000#0#####d
003 CEMS
082 0 4 |a 982.02 
245 0 0 |a Diario de un soldado / 
260 |a Buenos Aires :  |b Comisión Nacional Ejecutiva,  |c 1960 
300 |a 294 p. 
500 |a Publicación del 150 Aniversario de la gesta de Mayo ha dispuesto, editor, descuella, por su alto valor histórico, esta pieza documental que, de hoy en másm pasará a integrar las publicaciones que nuestro Archivo General de la Nación, brinda a los investigadores y amantes de la Historia 
653 |a Historia argentina 
859 |a CEMS  |b BIB. CEMS - 11 de abril  |h 982.02  |i Ar37  |p 9700.81  |t Ej.1